A+ Guide To SOTFWARE (Record no. 18821)

MARC details
000 -LEADER
fixed length control field 00497nam a22001937a 4500
005 - DATE AND TIME OF LATEST TRANSACTION
control field 20230830123911.0
008 - FIXED-LENGTH DATA ELEMENTS--GENERAL INFORMATION
fixed length control field 230704b |||||||| |||| 00| 0 eng d
020 ## - INTERNATIONAL STANDARD BOOK NUMBER
ISBN 97814188335606
082 ## - DEWEY DECIMAL CLASSIFICATION NUMBER
Classification number 005.1
Item number AND-G
100 ## - MAIN ENTRY--AUTHOR
Author Name Andrews:Jean
245 ## - TITLE STATEMENT
Title A+ Guide To SOTFWARE
Remainder of title Managing, Maintaining, and Troubleshooting
250 ## - EDITION STATEMENT
Edition statement 3rd
260 ## - PUBLICATION, DISTRIBUTION, ETC.
Place of Publication United States
Name of publisher, distributor, etc. Thomson Learning
Date of publication, distribution, etc. 2006
300 ## - PHYSICAL DESCRIPTION
Pages 674
500 ## - GENERAL NOTE
General note Include Index
650 ## - SUBJECT ADDED ENTRY--TOPICAL TERM
Subject / Department computer
700 ## - ADDED ENTRY--PERSONAL NAME
Personal name Jean
952 ## - LOCATION AND ITEM INFORMATION (KOHA)
-- 0
-- 0
Holdings
Lost status Damaged status Collection code Permanent Location Current Location Shelving Location Date acquired Full Call Number Accession No./Barcode Date last seen item type Koha item type
    CS/IT Superior Information Resource Center (SIRC) Superior University- Gold Campus Superior Information Resource Center (SIRC) Superior University- Gold Campus Computer 07/04/2023 005.1 AND-G 2006 3562 07/04/2023 BOOK BOOK

Powered by Koha